000 00211nam a22001097a 4500
003 NUST
005 20251009174652.0
082 _a621.3,POW
245 _aPower PC /
260 _aMotorola
_c1995
942 _2ddc
_cBK
999 _c615148
_d615148